[Event "57th Rubinstein Memorial"]
[Site "Polanica Zdroj POL"]
[Date "2021.08.17"]
[Round "5"]
[White "Teclaf, Pawel"]
[Black "Krasenkow, Michal"]
[WhiteElo "2520"]
[BlackElo "2591"]
[Result "1/2-1/2"]
[EventDate "2021.08.13"]
[PlyCount "88"]
1. e4 c6 2. d4 d5 3. Nd2 dxe4 4. Nxe4 Bf5 5. Ng3 Bg6 6. N1e2 e6 7. h4 h6 8. Nf4 Bh7 9. Bc4 Nf6 10. c3 Nd5 11. Qe2 Nxf4 12. Bxf4 Bd6 13. Be5 Bxe5 14. Qxe5 Rg8 15. Ne4 Nd7 16. Qf4 Qb8 17. Qf3 Qc7 18. Bd3 Bxe4 19. Bxe4 Nf6 20. Bc2 O-O-O 21. O-O-O h5 22. Rhe1 Ng4 23. g3 Rd7 24. Qe2 g6 25. Be4 Nf6 26. Bf3 Qb6 27. Qc4 Nd5 28. Re5 Rgd8 29. Rde1 Kb8 30. Bg2 Rd6 31. Bf3 Qc7 32. Qc5 Nb6 33. Qa5 Qe7 34. R5e2 Qf6 35. Bg2 Nd5 36. Qa4 c5 37. Bxd5 Rxd5 38. dxc5 Rxc5 39. Rd1 Rcd5 40. Rxd5 Rxd5 41. Qe8+ Kc7 42. f4 Qf5 43. Re5 Rxe5 44. fxe5 Qf1+ 1/2-1/2

[Event "57th Rubinstein Memorial"]
[Site "Polanica Zdroj POL"]
[Date "2021.08.18"]
[Round "6"]
[White "Gumularz, Szymon"]
[Black "Ovseevich, Sergei"]
[WhiteElo "2512"]
[BlackElo "2579"]
[Result "1/2-1/2"]
[EventDate "2021.08.13"]
[PlyCount "60"]
1. e4 e5 2. Nf3 Nc6 3. d4 exd4 4. Nxd4 Nf6 5. Nxc6 bxc6 6. e5 Qe7 7. Qe2 Nd5 8. h4 d6 9. c4 Nb6 10. exd6 Qxe2+ 11. Bxe2 Bxd6 12. Nc3 O-O 13. Be3 Be5 14. Rc1 a5 15. b3 a4 16. O-O axb3 17. axb3 Nd7 18. Bf3 Ra6 19. Rfd1 Nf6 20. Bd4 Bxd4 21. Rxd4 h5 22. Na4 Bg4 23. Nc5 Rb6 24. Bxg4 hxg4 25. Ra1 Re8 26. Ra7 Re5 27. Nd3 Re7 28. b4 Rb8 29. Kh2 Kh7 30. Ra6 c5 1/2-1/2

[Event "57th Rubinstein Memorial"]
[Site "Polanica Zdroj POL"]
[Date "2021.08.18"]
[Round "6"]
[White "Krasenkow, Michal"]
[Black "Piorun, Kacper"]
[WhiteElo "2591"]
[BlackElo "2608"]
[Result "0-1"]
[EventDate "2021.08.13"]
[PlyCount "84"]
1. d4 Nf6 2. c4 e6 3. Nf3 d5 4. g3 Bb4+ 5. Bd2 a5 6. Qc2 O-O 7. Bg2 c5 8. dxc5 d4 9. Bxb4 axb4 10. Nbd2 Nc6 11. O-O Qe7 12. Ng5 e5 13. Nb3 h6 14. Ne4 Nxe4 15. Bxe4 Bh3 16. Rfe1 f5 17. Bd5+ Kh8 18. e3 dxe3 19. Rxe3 e4 20. f4 Ra4 21. Qd2 Rfa8 22. Bxc6 bxc6 23. Qd6 Qe8 24. Nd4 Rxa2 25. Rxa2 Rxa2 26. g4 Bxg4 27. h3 Bh5 28. Nxf5 Qf7 29. Qe5 Bf3 30. Kh2 Rxb2+ 31. Qxb2 Qxf5 32. Qe5 Qg6 33. Qb2 Qf7 34. Kg3 Qxc4 35. Re1 Qd3 36. Rg1 Qe3 37. Qf2 Qc3 38. Kh2 b3 39. Rb1 e3 40. Qxf3 Qc2+ 41. Kg3 Qxb1 42. Qxc6 b2 0-1

[Event "57th Rubinstein Memorial"]
[Site "Polanica Zdroj POL"]
[Date "2021.08.18"]
[Round "6"]
[White "Navara, David"]
[Black "Shevchenko, Kirill"]
[WhiteElo "2675"]
[BlackElo "2619"]
[Result "0-1"]
[EventDate "2021.08.13"]
[PlyCount "80"]
1. d4 Nf6 2. c4 g6 3. Nc3 Bg7 4. e4 d6 5. Nf3 O-O 6. Be2 e5 7. O-O Nc6 8. d5 Ne7 9. b4 Nh5 10. Re1 f5 11. a4 h6 12. a5 Nf6 13. Nd2 f4 14. c5 g5 15. a6 bxa6 16. Bxa6 Ng6 17. Bxc8 Qxc8 18. b5 Rf7 19. Ra6 Bf8 20. Ba3 Nh4 21. Nf3 Qg4 22. Nxh4 Qxh4 23. Qf3 g4 24. Qd3 dxc5 25. Na4 c4 26. Qc3 g3 27. fxg3 fxg3 28. hxg3 Qh5 29. Rxf6 Rxf6 30. Bxf8 Raxf8 31. Nc5 Kh7 32. Nd7 Qg5 33. Ra1 R8f7 34. Nxf6+ Qxf6 35. Kh2 h5 36. Rxa7 h4 37. gxh4 Qf2 38. Ra6 Rf4 39. Qh3 Rxh4 40. Ra3 Qf4+ 0-1

[Event "57th Rubinstein Memorial"]
[Site "Polanica Zdroj POL"]
[Date "2021.08.18"]
[Round "6"]
[White "Stocek, Jiri"]
[Black "Bluebaum, Matthias"]
[WhiteElo "2604"]
[BlackElo "2674"]
[Result "1-0"]
[EventDate "2021.08.13"]
[PlyCount "49"]
1. d4 Nf6 2. c4 e6 3. Nf3 d5 4. Nc3 c6 5. Bg5 Nbd7 6. e3 Qa5 7. cxd5 Nxd5 8. Rc1 Nxc3 9. bxc3 Ba3 10. Rc2 b6 11. Be2 Ba6 12. O-O Bxe2 13. Rxe2 O-O 14. e4 Rac8 15. e5 Rfe8 16. Nd2 Bf8 17. Ne4 c5 18. Re3 cxd4 19. cxd4 Qxa2 20. Rh3 Qc2 21. Qg4 Kh8 22. Qh4 h6 23. Qg4 Nxe5 24. dxe5 Rc4 25. Bxh6 1-0

[Event "57th Rubinstein Memorial"]
[Site "Polanica Zdroj POL"]
[Date "2021.08.18"]
[Round "6"]
[White "Tomczak, Jacek"]
[Black "Teclaf, Pawel"]
[WhiteElo "2604"]
[BlackElo "2520"]
[Result "1/2-1/2"]
[EventDate "2021.08.13"]
[PlyCount "60"]
1. d4 d5 2. c4 dxc4 3. e4 c5 4. d5 e6 5. Nc3 exd5 6. Qxd5 Qxd5 7. Nxd5 Bd6 8. Bg5 Nc6 9. Bxc4 h6 10. Bh4 Nge7 11. O-O-O Nxd5 12. Bxd5 Nb4 13. Ne2 Be7 14. Bxe7 Kxe7 15. Nc3 Rd8 16. a3 Na6 17. Bc4 Rxd1+ 18. Rxd1 Nc7 19. Nd5+ Nxd5 20. Bxd5 Rb8 21. Kc2 Bd7 22. Kc3 b6 23. h4 Rd8 24. Bc4 Bc6 25. Rxd8 Kxd8 26. Bxf7 Bxe4 27. g3 Ke7 28. Bc4 Kf6 29. Ba6 g5 30. hxg5+ hxg5 1/2-1/2

[Event "57th Rubinstein Memorial"]
[Site "Polanica Zdroj POL"]
[Date "2021.08.19"]
[Round "7"]
[White "Bluebaum, Matthias"]
[Black "Krasenkow, Michal"]
[WhiteElo "2674"]
[BlackElo "2591"]
[Result "1-0"]
[EventDate "2021.08.13"]
[PlyCount "79"]
1. d4 d5 2. Nf3 c6 3. Bf4 Bg4 4. Ne5 Bf5 5. c4 e6 6. Nc3 Nd7 7. e3 Nxe5 8. Bxe5 f6 9. Bg3 Bd6 10. Be2 Ne7 11. O-O Bxg3 12. hxg3 O-O 13. b4 Bg6 14. Qb3 Bf7 15. Rad1 f5 16. b5 Kh8 17. Na4 cxb5 18. Qxb5 Be8 19. Qb4 Bxa4 20. Qxa4 Ng8 21. Rb1 Rf7 22. Rb2 Nf6 23. Rfb1 b6 24. cxd5 exd5 25. Rc1 Rc8 26. Rbc2 Rfc7 27. Bd3 g6 28. Qxa7 Rxc2 29. Rxc2 Rxc2 30. Bxc2 Kg8 31. Qb7 Qd6 32. Bb3 Kf8 33. Kf1 Qb4 34. Qc6 Kg7 35. f3 g5 36. Bxd5 Nh5 37. Qd7+ Kh6 38. Qe6+ Kg7 39. Qe5+ Kh6 40. Kg1 1-0

[Event "57th Rubinstein Memorial"]
[Site "Polanica Zdroj POL"]
[Date "2021.08.19"]
[Round "7"]
[White "Ovseevich, Sergei"]
[Black "Navara, David"]
[WhiteElo "2579"]
[BlackElo "2675"]
[Result "0-1"]
[EventDate "2021.08.13"]
[PlyCount "86"]
1. Nf3 c5 2. c4 Nf6 3. Nc3 Nc6 4. d4 cxd4 5. Nxd4 e6 6. a3 Bc5 7. Nb3 Bb6 8. Bf4 d5 9. cxd5 Nxd5 10. Nxd5 exd5 11. e3 Qf6 12. Qd2 a5 13. a4 O-O 14. Bb5 h5 15. h4 d4 16. O-O Qxh4 17. exd4 Be6 18. Bg5 Qg4 19. d5 Nd4 20. Nxd4 Bxd5 21. f3 Qxd4+ 22. Kh1 Qxd2 23. Bxd2 Bd4 24. Bc3 Bxc3 25. bxc3 Rfc8 26. Rfe1 Be6 27. Re5 g6 28. Bd3 Kg7 29. Be4 Ra7 30. Ra3 Bc4 31. Re7 Kf6 32. Rd7 Ke5 33. Kg1 Rc5 34. Kf2 f5 35. Bd3 Be6 36. Rh7 Kf6 37. Bb5 f4 38. c4 Bg8 39. Rd7 Bxc4 40. Bxc4 Rxc4 41. Rad3 Ra6 42. Rxb7 Rxa4 43. Kg1 Rb4 0-1

[Event "57th Rubinstein Memorial"]
[Site "Polanica Zdroj POL"]
[Date "2021.08.19"]
[Round "7"]
[White "Piorun, Kacper"]
[Black "Tomczak, Jacek"]
[WhiteElo "2608"]
[BlackElo "2604"]
[Result "1/2-1/2"]
[EventDate "2021.08.13"]
[PlyCount "52"]
1. Nf3 c5 2. g3 b5 3. Bg2 Bb7 4. O-O e6 5. b3 Be7 6. Bb2 Bf6 7. d4 Qb6 8. dxc5 Qxc5 9. Bd4 Bxd4 10. Qxd4 Qxd4 11. Nxd4 Bxg2 12. Kxg2 a6 13. b4 Nf6 14. a4 Nc6 15. Nxc6 dxc6 16. c4 Ke7 17. Nd2 bxc4 18. Nxc4 Nd5 19. Na5 Nxb4 20. Rfc1 Rhc8 21. Rc4 Rab8 22. Rb1 c5 23. Rbc1 Na2 24. R1c2 Nb4 25. Rc1 Na2 26. R1c2 Nb4 1/2-1/2

[Event "57th Rubinstein Memorial"]
[Site "Polanica Zdroj POL"]
[Date "2021.08.19"]
[Round "7"]
[White "Shevchenko, Kirill"]
[Black "Stocek, Jiri"]
[WhiteElo "2619"]
[BlackElo "2604"]
[Result "1-0"]
[EventDate "2021.08.13"]
[PlyCount "129"]
1. c4 Nf6 2. Nc3 c5 3. g3 e6 4. Nf3 d5 5. cxd5 exd5 6. d4 Nc6 7. Bg2 cxd4 8. Nxd4 Bc5 9. Nb3 Bb6 10. O-O d4 11. Na4 O-O 12. Bg5 Re8 13. Re1 Re5 14. Bxf6 Qxf6 15. Nxb6 axb6 16. Nxd4 h5 17. Nxc6 bxc6 18. Qd4 c5 19. Qf4 Ra7 20. Qxf6 gxf6 21. Rad1 Bg4 22. f3 Bd7 23. f4 Re7 24. a3 Re3 25. Rd3 Rxd3 26. exd3 Bb5 27. Re3 Rd7 28. Bf1 h4 29. Kf2 Rd4 30. Re4 hxg3+ 31. hxg3 Rd5 32. Ke3 Kf8 33. Be2 Rd8 34. Kd2 Bc6 35. Re3 Rd6 36. Bg4 Bb5 37. Kc3 Rd8 38. Be2 Rd6 39. Bd1 f5 40. Bb3 Bd7 41. Ba2 Bb5 42. Bb3 Bd7 43. Bc4 Be8 44. Ba6 Bd7 45. Bb7 Be6 46. Re5 Rd8 47. Ba6 Ke7 48. Bc4 Kd6 49. d4 Rh8 50. dxc5+ bxc5 51. Bxe6 fxe6 52. b4 cxb4+ 53. axb4 Rh1 54. Re3 Rc1+ 55. Kd4 Rb1 56. Kc4 Rc1+ 57. Kb5 Kd5 58. Re5+ Kd6 59. Re3 Kd5 60. Kb6 Rc8 61. b5 Rg8 62. Ka6 Kd4 63. Rxe6 Rxg3 64. Re5 Rg6+ 65. b6 1-0

[Event "57th Rubinstein Memorial"]
[Site "Polanica Zdroj POL"]
[Date "2021.08.19"]
[Round "7"]
[White "Teclaf, Pawel"]
[Black "Gumularz, Szymon"]
[WhiteElo "2520"]
[BlackElo "2512"]
[Result "1/2-1/2"]
[EventDate "2021.08.13"]
[PlyCount "61"]
1. e4 e5 2. Nf3 Nc6 3. Nc3 Nf6 4. d4 exd4 5. Nxd4 Nxe4 6. Nxe4 Qe7 7. Nb5 Qxe4+ 8. Be2 Bb4+ 9. c3 Ba5 10. O-O O-O 11. Be3 a6 12. Na3 d6 13. Bf3 Qg6 14. Bxc6 bxc6 15. Nc4 Bb6 16. Bxb6 cxb6 17. Nxb6 Bg4 18. f3 Rab8 19. fxg4 Rxb6 20. Qe2 Qe6 21. Rfe1 Qxe2 22. Rxe2 Rfb8 23. b4 Kf8 24. a3 c5 25. Rd1 a5 26. h3 axb4 27. axb4 cxb4 28. cxb4 Rxb4 29. Rxd6 Rb1+ 30. Kh2 R1b2 31. Rdd2 1/2-1/2

[Event "57th Rubinstein Memorial"]
[Site "Polanica Zdroj POL"]
[Date "2021.08.20"]
[Round "8"]
[White "Gumularz, Szymon"]
[Black "Piorun, Kacper"]
[WhiteElo "2512"]
[BlackElo "2608"]
[Result "1/2-1/2"]
[EventDate "2021.08.13"]
[PlyCount "137"]
1. Nf3 d5 2. d4 Nf6 3. c4 dxc4 4. e3 Bg4 5. Bxc4 e6 6. Qb3 Bxf3 7. gxf3 Nbd7 8. Nc3 Nb6 9. Be2 c5 10. dxc5 Bxc5 11. Bd2 O-O 12. O-O-O Nbd5 13. Kb1 Qb6 14. Qxb6 Bxb6 15. Na4 Bc7 16. Nc5 Rab8 17. Rc1 Bd6 18. Nd3 Ne7 19. b4 Rfd8 20. Kb2 Nc6 21. Kb3 Kf8 22. a4 Ne5 23. Nb2 Nd5 24. Rhd1 g5 25. h4 h6 26. hxg5 hxg5 27. Nc4 Nxc4 28. Bxc4 Be5 29. b5 Ke7 30. Rg1 Nb6 31. Bb4+ Bd6 32. Ba5 Rg8 33. Be2 Nd5 34. Bd2 a6 35. Bd3 axb5 36. Bxb5 f6 37. Rh1 Rh8 38. Bd3 Kd7 39. Bc4 Rh4 40. Rhd1 Ke7 41. e4 Nf4 42. Bb4 Bxb4 43. Kxb4 Rh3 44. Bb5 f5 45. exf5 Rxf3 46. Rd7+ Kf6 47. fxe6 Nxe6 48. Bc4 Nf4 49. Rc2 b6 50. Rcd2 g4 51. Kb5 Rc3 52. Rf7+ Kg5 53. Rg7+ Kf5 54. Rf7+ Kg5 55. Rd4 Rf3 56. Rg7+ Kf5 57. Rdd7 Rxf2 58. Rdf7+ Ke5 59. Rg5+ Kd4 60. Rxg4 Rb2+ 61. Kc6 Kxc4 62. Rfxf4+ Kb3 63. Kc7 Rh8 64. Kxb6 Ka3+ 65. Kc5 Rh5+ 66. Kc6 Rh6+ 67. Kc5 Rh5+ 68. Kd6 Rh6+ 69. Kc5 1/2-1/2

[Event "57th Rubinstein Memorial"]
[Site "Polanica Zdroj POL"]
[Date "2021.08.20"]
[Round "8"]
[White "Krasenkow, Michal"]
[Black "Shevchenko, Kirill"]
[WhiteElo "2591"]
[BlackElo "2619"]
[Result "1/2-1/2"]
[EventDate "2021.08.13"]
[PlyCount "62"]
1. d4 Nf6 2. c4 g6 3. Nc3 Bg7 4. e4 d6 5. Nf3 O-O 6. Be2 e5 7. dxe5 dxe5 8. Qxd8 Rxd8 9. Bg5 Re8 10. Nd5 Nxd5 11. cxd5 c6 12. Bc4 cxd5 13. Bxd5 Nd7 14. Nd2 Nc5 15. O-O-O Ne6 16. Be3 Nf4 17. Bxf4 exf4 18. Nc4 Be6 19. Nd6 Re7 20. f3 Rd8 21. Bxe6 Rxe6 22. Nb5 Rc8+ 23. Kb1 a6 24. Nd4 Rb6 25. Rd2 Be5 26. Nb3 Kf8 27. Rc1 Rxc1+ 28. Nxc1 Ke7 29. Nd3 Rd6 30. Kc2 Bg7 31. b3 Rc6+ 1/2-1/2

[Event "57th Rubinstein Memorial"]
[Site "Polanica Zdroj POL"]
[Date "2021.08.20"]
[Round "8"]
[White "Navara, David"]
[Black "Stocek, Jiri"]
[WhiteElo "2675"]
[BlackElo "2604"]
[Result "1/2-1/2"]
[EventDate "2021.08.13"]
[PlyCount "101"]
1. e4 c5 2. Nf3 d6 3. d4 cxd4 4. Nxd4 Nf6 5. Nc3 a6 6. Be3 e5 7. Nb3 Be6 8. Qd2 Nbd7 9. f3 h5 10. Be2 Rc8 11. O-O-O Be7 12. Kb1 b5 13. Nd5 Bxd5 14. exd5 Nb6 15. Bxb6 Qxb6 16. Rhf1 O-O 17. g4 h4 18. f4 Rfe8 19. g5 Ne4 20. Qb4 Nf2 21. Rde1 Nh3 22. Bg4 Rc4 23. Qa5 Qxa5 24. Nxa5 Nxf4 25. Nxc4 bxc4 26. Rxf4 exf4 27. Bd7 Rd8 28. Rxe7 Kf8 29. Re4 Rxd7 30. Rxc4 f3 31. Rf4 Re7 32. b4 Re2 33. Rxf3 Rxh2 34. a4 Rd2 35. b5 axb5 36. axb5 Ke7 37. b6 Kd8 38. Rxf7 Kc8 39. Rxg7 h3 40. Rh7 h2 41. Kc1 Rxd5 42. g6 Rg5 43. Rxh2 Rxg6 44. Rh7 d5 45. b7+ Kb8 46. Kd2 Rb6 47. Kd3 Rxb7 48. Rxb7+ Kxb7 49. Kd4 Kc6 50. c4 dxc4 51. Kxc4 1/2-1/2

[Event "57th Rubinstein Memorial"]
[Site "Polanica Zdroj POL"]
[Date "2021.08.20"]
[Round "8"]
[White "Ovseevich, Sergei"]
[Black "Teclaf, Pawel"]
[WhiteElo "2579"]
[BlackElo "2520"]
[Result "1/2-1/2"]
[EventDate "2021.08.13"]
[PlyCount "60"]
1. d4 e6 2. c4 Bb4+ 3. Nd2 c5 4. a3 Bxd2+ 5. Qxd2 cxd4 6. Nf3 Nf6 7. Nxd4 O-O 8. g3 d5 9. Bg2 dxc4 10. O-O e5 11. Nb5 Nc6 12. a4 a6 13. Qxd8 Rxd8 14. Nc7 Rb8 15. Nxa6 bxa6 16. Bxc6 Bb7 17. Bxb7 Rxb7 18. a5 Ne4 19. Ra4 Nd2 20. Re1 h6 21. Kg2 Nb3 22. Be3 Nd4 23. Rxc4 Rxb2 24. Bxd4 Rxd4 25. Rc6 Ra2 26. Rxa6 Rda4 27. f3 Rxa5 28. Rxa5 Rxa5 29. Rb1 Ra2 30. Kf2 f6 1/2-1/2

[Event "57th Rubinstein Memorial"]
[Site "Polanica Zdroj POL"]
[Date "2021.08.20"]
[Round "8"]
[White "Tomczak, Jacek"]
[Black "Bluebaum, Matthias"]
[WhiteElo "2604"]
[BlackElo "2674"]
[Result "0-1"]
[EventDate "2021.08.13"]
[PlyCount "80"]
1. e4 c6 2. d4 d5 3. f3 e6 4. Nc3 Qb6 5. a3 Be7 6. Be3 Nd7 7. Bd3 Ngf6 8. Bf2 dxe4 9. fxe4 Ng4 10. Nf3 Nxf2 11. Kxf2 e5 12. Ne2 exd4 13. e5 Qc7 14. Nexd4 Nxe5 15. Re1 Ng4+ 16. Kg1 O-O 17. h3 Nf6 18. Qd2 Bd6 19. Ne2 Be6 20. Ng5 Rae8 21. Rf1 Bc5+ 22. Kh1 Qe5 23. Rxf6 Be3 24. Rxe6 Rxe6 25. Bxh7+ Kh8 26. Qb4 c5 27. Qxb7 Bxg5 28. Bd3 Rb6 29. Qxa7 Bd8 30. Ng1 Rf6 31. Qa8 g6 32. Nf3 Qxb2 33. Rd1 Kg7 34. Qa4 Qb8 35. Qc4 Qg3 36. Qc3 Bc7 37. Bc4 Re8 38. Rd5 Bf4 39. Qa1 Re3 40. Rd7 Be5 {Black dragged out the process of conversion but his victory was never under doubt.} 0-1

[Event "57th Rubinstein Memorial"]
[Site "Polanica Zdroj POL"]
[Date "2021.08.21"]
[Round "9"]
[White "Bluebaum, Matthias"]
[Black "Gumularz, Szymon"]
[WhiteElo "2674"]
[BlackElo "2512"]
[Result "0-1"]
[EventDate "2021.08.13"]
[PlyCount "136"]
1. d4 Nf6 2. Nf3 d5 3. Bf4 c5 4. e3 Nc6 5. Nbd2 e6 6. c3 Be7 7. Ne5 Nd7 8. Nxd7 Bxd7 9. Bd3 O-O 10. O-O c4 11. Bc2 f5 12. h3 Be8 13. Qe2 b5 14. a3 a5 15. b3 cxb3 16. Nxb3 Qb6 17. Rfb1 Rc8 18. a4 b4 19. Nd2 Qd8 20. c4 Bd6 21. Bxd6 Qxd6 22. Bb3 Ne7 23. Rc1 Bd7 24. Rc2 Qa6 25. Nf3 Rc7 26. Ne5 Rfc8 27. Rac1 Be8 28. Nd3 Qd6 29. Nc5 Bf7 30. Qd3 g6 31. Rd2 Kg7 32. f3 dxc4 33. Bxc4 Nd5 34. Qb3 Nc3 35. Rcc2 Rxc5 36. dxc5 Qxc5 37. Ba6 Qxe3+ 38. Kh1 Rc7 39. Bc4 Qe1+ 40. Kh2 Qe5+ 41. Kh1 Re7 42. Qb2 Qc5 43. Qb3 e5 44. Bxf7 Rxf7 45. Rd3 e4 46. Rdxc3 bxc3 47. Qxc3+ Qxc3 48. Rxc3 Kf6 49. Kg1 exf3 50. gxf3 Rd7 51. Rc5 Kg5 52. Kf2 Rd4 53. Rxa5 Kf4 54. Ra7 h5 55. h4 Rd2+ 56. Ke1 Ra2 57. Rg7 Ke3 58. Kd1 Ra1+ 59. Kc2 Rxa4 60. Rxg6 Rxh4 61. Rg1 f4 62. Kd1 Rh2 63. Re1+ Kxf3 64. Rf1+ Kg3 65. Rg1+ Rg2 66. Rh1 h4 67. Ke1 h3 68. Kf1 h2 {, and a new GM is born!} 0-1

[Event "57th Rubinstein Memorial"]
[Site "Polanica Zdroj POL"]
[Date "2021.08.21"]
[Round "9"]
[White "Piorun, Kacper"]
[Black "Ovseevich, Sergei"]
[WhiteElo "2608"]
[BlackElo "2579"]
[Result "1-0"]
[EventDate "2021.08.13"]
[PlyCount "63"]
1. e4 e5 2. Nf3 Nc6 3. Bb5 a6 4. Ba4 d6 5. Bxc6+ bxc6 6. d4 exd4 7. Qxd4 c5 8. Qd3 Nf6 9. Nc3 Be7 10. Bf4 O-O 11. O-O-O Re8 12. Rhe1 Bg4 13. h3 Bxf3 14. Qxf3 Nd7 15. e5 dxe5 16. Qg4 Bd6 17. Bg5 Qc8 18. Bh6 g6 19. Nd5 Re6 20. f4 f5 21. Qf3 e4 22. Qc3 Bf8 23. Bxf8 Nxf8 24. g4 Kf7 25. gxf5 gxf5 26. Rg1 Ng6 27. h4 Qh8 28. Qc4 Rb8 29. c3 Qc8 30. h5 Nh4 31. h6 Ng6 32. Rg5 1-0

[Event "57th Rubinstein Memorial"]
[Site "Polanica Zdroj POL"]
[Date "2021.08.21"]
[Round "9"]
[White "Shevchenko, Kirill"]
[Black "Tomczak, Jacek"]
[WhiteElo "2619"]
[BlackElo "2604"]
[Result "1/2-1/2"]
[EventDate "2021.08.13"]
[PlyCount "164"]
1. e4 c5 2. Nc3 d6 3. Bb5+ Bd7 4. Bxd7+ Qxd7 5. d4 cxd4 6. Qxd4 Nc6 7. Qd3 g6 8. Nf3 Bg7 9. O-O Nf6 10. Nd5 O-O 11. Bg5 Ne8 12. Rad1 Kh8 13. c3 Nc7 14. Rfe1 Rae8 15. Bc1 Rc8 16. h3 Rfe8 17. Bf4 Ne6 18. Bg3 Red8 19. Qe2 Qe8 20. Bh4 Rd7 21. Qe3 Qd8 22. Nd2 Qa5 23. a3 Nc7 24. Nc4 Qa6 25. Nd2 Nxd5 26. exd5 Ne5 27. Nf3 Nc4 28. Qc1 Qb5 29. Re2 Ne5 30. Re3 Nc4 31. Re2 Ne5 32. Re3 Nc4 33. Re4 a5 34. Qf4 Nxb2 35. Rb1 f5 36. Rxe7 Rxe7 37. Bxe7 Nd3 38. Rxb5 Nxf4 39. Bxd6 Ne2+ 40. Kh2 Nxc3 41. Rxb7 a4 42. Ng5 Nxd5 43. Ra7 Nb6 44. Ra6 Nc4 45. Bb4 Nb2 46. Ne6 Kg8 47. Nxg7 Kxg7 48. Ra7+ Kf6 49. Rxh7 Nd3 50. Ra7 Nxb4 51. axb4 Rc2 52. Kg3 Ra2 53. Ra6+ Kg5 54. h4+ Kh6 55. f3 a3 56. b5 Rb2 57. Rxa3 Rxb5 58. Ra2 Rb4 59. Ra8 Rc4 60. Re8 Ra4 61. Kh3 Ra3 62. Rd8 Ra4 63. Kg3 Rb4 64. Rd3 Kh5 65. Rd7 Kh6 66. Kh3 Rb3 67. Rd4 Kh5 68. Kg3 Rb2 69. Ra4 Rc2 70. Kh2 Rb2 71. Rd4 Ra2 72. Rb4 Rc2 73. Kg3 Ra2 74. Rb7 g5 75. hxg5 Kxg5 76. f4+ Kg6 77. Rb6+ Kh5 78. Rb3 Ra1 79. Re3 Rb1 80. Ra3 Rc1 81. Kh3 Rh1+ 82. Kg3 Rc1 1/2-1/2

[Event "57th Rubinstein Memorial"]
[Site "Polanica Zdroj POL"]
[Date "2021.08.21"]
[Round "9"]
[White "Stocek, Jiri"]
[Black "Krasenkow, Michal"]
[WhiteElo "2604"]
[BlackElo "2591"]
[Result "1-0"]
[EventDate "2021.08.13"]
[PlyCount "111"]
1. d4 d5 2. Nf3 c6 3. c4 e6 4. Qc2 dxc4 5. Qxc4 Nf6 6. Bf4 b5 7. Qb3 Bb7 8. e3 Nbd7 9. Be2 Qa5+ 10. Nbd2 Bb4 11. Qd1 Nh5 12. O-O Nxf4 13. exf4 O-O 14. Ne4 Be7 15. Qc2 c5 16. Ne5 Nxe5 17. dxe5 Qb4 18. Bf3 Rad8 19. a3 Qc4 20. Qxc4 bxc4 21. Rfe1 Rd4 22. g3 Rb8 23. Rab1 Bd5 24. Bg2 Rb3 25. Nc3 f5 26. Red1 Rxd1+ 27. Nxd1 Bd8 28. Rc1 Ba5 29. Rc2 Rd3 30. Ne3 Bxg2 31. Kxg2 c3 32. b3 Kf7 33. Kf1 Rd2 34. Rxd2 cxd2 35. Ke2 Ke7 36. Nc4 Bc3 37. Nxd2 Bxd2 38. Kxd2 Kd7 39. Kc3 a5 40. Kc4 Kc6 41. b4 cxb4 42. axb4 axb4 43. Kxb4 Kb6 44. Kc4 Kc6 45. Kd4 Kb5 46. g4 g6 47. g5 Kb4 48. h3 Kb5 49. Kc3 Kc5 50. h4 Kb5 51. Kb3 Kc5 52. Ka4 Kc4 53. Ka5 Kc5 54. Ka6 Kc6 55. Ka7 Kc7 56. f3 {(three!)} 1-0

[Event "57th Rubinstein Memorial"]
[Site "Polanica Zdroj POL"]
[Date "2021.08.21"]
[Round "9"]
[White "Teclaf, Pawel"]
[Black "Navara, David"]
[WhiteElo "2520"]
[BlackElo "2675"]
[Result "1/2-1/2"]
[EventDate "2021.08.13"]
[PlyCount "74"]
1. e4 c5 2. Nf3 d6 3. d4 cxd4 4. Qxd4 Nf6 5. Be2 Nc6 6. Qe3 g6 7. O-O Bg7 8. Nc3 O-O 9. Rd1 Bg4 10. Nd5 Nd7 11. c3 e6 12. Nf4 Qc7 13. Ne1 Bxe2 14. Qxe2 a6 15. Be3 Nf6 16. f3 Ne5 17. Nfd3 Nc4 18. Bd4 b5 19. b3 Na5 20. Rac1 Rac8 21. Nb4 Nc6 22. Nxc6 Qxc6 23. Nd3 Qb7 24. c4 bxc4 25. bxc4 Rfd8 26. c5 dxc5 27. Nxc5 Qb5 28. Qxb5 axb5 29. Be3 Bf8 30. Rxd8 Rxd8 31. Rb1 Ra8 32. Rxb5 Rxa2 33. Rb8 Kg7 34. Rb7 Kg8 35. Rb8 Kg7 36. Rb7 Kg8 37. Rb8 Kg7 1/2-1/2